Записка о причинах кризиса крупного и среднего землевладения, проект доклада X съезду уполномоченных о кризисе частного землевла...

Доступно только в Электронных читальных залах Найти на картеНа карте
RUSMARC
00004763nmc2a22003131x 450
001c85223a9-f235-4b7c-85fc-513e21078c5e
00520131030210554.0
100##$a20130605l19131915k y0rusy50 ca
1010#$arus
102##$aRU
105##$aa z |||e|
1222#$ad19130428
$ad19150304
2001#$aЗаписка о причинах кризиса крупного и среднего землевладения, проект доклада X съезду уполномоченных о кризисе частного землевладения и переписка о рассылке доклада
$j28 апреля 1913 - 4 марта 1915
215##$a134 листа
$cтабл.
251##$cДело
300##$aЗаголовок дела на делопроизводственной обложке: О кризисе сельскохозяйственной промышленности вследствие вздорожания рабочих рук
300##$aЛист 124а: листок с примечанием, подклеен к листу 124; листы 122, 123: наклеены листки с примечанием
300##$aИмеется обложка (с заголовком) дела Канцелярии Постоянного совета объединенных дворянских обществ
300##$aВ деле имеются телеграммы
300##$aЧасть текста рукописная, часть - напечатана типографским способом и на пишущей машинке
330##$aX. Материалы по делам дворянского землевладения и дворянского сословия в целом /1898-1917 гг./
461#0$1001b6db1e6b-efcc-4108-961b-a8f75be6354f
$12001
$aПостоянный совет объединенных дворянских обществ
$1251
$cФонд
$1852
$j434
462#0$1001376737bd-14a2-4097-a3d5-a02b2aa0e2d3
$12001
$aПостоянный совет объединенных дворянских обществ. 1906-1917 гг.
$1251
$cОпись
$1852
$j1
517##$aО кризисе сельскохозяйственной промышленности вследствие вздорожания рабочих рук
60102$3RU\NLR\AUTH\8810165427
$aПостоянный совет объединенных дворянских обществ
$cПетербург
60112$3RU\NLR\AUTH\8810165445
$aСъезд уполномоченных дворянских обществ
$d10
$f1914
$eСанкт-Петербург
801#0$aRU
$bGA_RF
801#1$aRU
$bНПО Опыт
$c20130605
$2rusmarc
801#2$aRU
$bПБ им. Б.Н. Ельцина
$c20131030
$gRCR
$2rusmarc
852##$aГА РФ
$j328
937##$d39974149
$hПБ
035##$aRuPRLIB51006746
Формат отображения